000 01075namaa2200265 a 4500
001 vtls001225726
003 NLI
005 20210603172744.0
008 120330s1978 dcua i000 0 eng
039 9 _y201203301758
_zVLOAD
040 _aNLI
_cVTLS-2012_FOD
_eAACR2
041 0 _aeng
044 _adcu
082 0 4 _a343.73
110 1 _aUnited States.
_bCongress.
_bSenate.
_bCommittee on Environment and Public Works.
_bSubcommittee on Water Resources
_9663766
245 1 0 _aDeauthorization of the Cross Florida Barge Canal :
_bhearing before the Subcommittee on Water Resources of the Committee on Environment and Public Works, United States Senate, Ninety-fifth Congress, second session, on S. 1592 ... S. 3337 ... July 26, 1978
260 _aWashington :
_bUnited States Government Printing Office,
_c1978
300 _aiv, 452 p. :
_bill. ;
_c24 cm.
500 _aSerial no. 95-H71
651 0 _aMarjorie Harris Carr Cross Florida Greenway (Fla.)
_9664905
887 _a
901 _aAD85478
_b18.08.2010
902 _aU.S 343.73 Us 3 d
942 _2ddc
_cBKS
999 _c529332
_d529332